| 000 | 00642 a2200133 4500 | ||
|---|---|---|---|
| 020 | _a0784405093 | ||
| 082 | _a625.8 GEO | ||
| 100 | _aMamlouk,M.S. | ||
| 245 |
_aPavement subgrade, unbound materials, and nondestructive testing : _bproceedings of sessions of Geo-Denver 2000 : August 5-8, 2000, Denver, Colorado / _csponsored by the Pavements Committee of the Geo-Institute of the American Society of Civil Engineers ; edited by Michael S. Mamlouk. |
||
| 260 |
_aReston, Va. : _bAmerican Society of Civil Engineers, _cc2000. |
||
| 300 |
_aviii, 168 p. : _bill. ; _c22 cm. |
||
| 650 |
_aPavements _xSubgrades |
||
| 650 |
_aPavements _xTesting |
||
| 650 | _aNondestructive testing | ||
| 999 |
_c1525 _d1525 |
||